Multicultural Crayons Quiz Stats

 Plays Quiz Updated May 30, 2019

Score 0/8 Timer 04:00
0 Plays Today
Crayon Color % Correct
Black
94.7%
White
78.1%
Tan
70.5%
Peach
60.6%
Burnt Sienna
20.2%
Apricot
18.7%
Mahogany
17.6%
Sepia
10.9%

You're not logged in!

Compare scores with friends on all Sporcle quizzes.
OR
Log In

Sporcle TV

Today on Sporcle TV


Watch our educational content, quiz creation guides, and fun videos on Sporcle TV.

Show Comments

Extras

Top Quizzes Today


Score Distribution

Your Account Isn't Verified!

In order to create a playlist on Sporcle, you need to verify the email address you used during registration. Go to your Sporcle Settings to finish the process.

Report this User

Report this user for behavior that violates our Community Guidelines.

Details: